000 00687nam a2200229Ia 4500
008 100315s9999 xx 000 0 und d
020 _a0070402671 
040 _cENGLISH 
082 _b5586 
_a658.4038 
100 _a"DAVIS, GORDON B., Olson, Margrethe H. "
245 _aManagement Information Systems
250 _a2nd 
260 _aNew Delhi 
_bTata McGrow Hill  
_c2005 
300 _a693p. 
365 _eRupees 
_d
_b0.00 
366 _f
505 _gTushar Jadhav 
620 _a"Information Systems Technology, Conceptual Foundation "
630 _aManagement Information Systems
730 _aManagement Information Systems
942 _cBOOK
999 _c480321
_d480318